000 nam a22 7a 4500
999 _c7810
_d7810
008 171017b xxu||||| |||| 00| 0 eng d
100 _aNCERT
_94285
245 _aScience Exemplar-X
260 _aNew Delhi
_bNCERT
_c2016